000 01031nam a22002177a 4500
003 OSt
005 20260310080522.0
008 260310b |||||||| |||| 00| 0 eng d
020 _a9780448095530
040 _aDWCL GS lib
_cOC
082 _aFic. K26s 1976
100 _aKeene Carolyn
245 _aThe Sky Phantom
_cCarolyn Keene
260 _aNew York
_bCarolyn Keene
_c1976
300 _aExtent- vii, 180 pages:
_billustrations ;
_c20CM
520 _a follows teenage detective Nancy Drew as she investigates a hijacked plane, a missing pilot, and a stolen horse while taking flying lessons in the Midwest
650 _athe 53rd Nancy Drew Mystery Story published in 1975, where the "phantom" is not a supernatural entity but an elusive criminal, potentially a pilot, involved in hijacking planes and stealing horses.
650 _a (Nancy Drew Mystery #53) revolve around the value of perseverance, critical thinking, and courage in the face of daunting, unknown dangers.
700 _aCarolyn Keene
942 _2ddc
_cFIC.
_n0
999 _c8880
_d8880